Manažment II : ľudia v organizácii a organizačná kultúra

Salvato in:
Dettagli Bibliografici
Autori principali: Seková, Mária (Autore), a kol (Autore)
Natura: Libro
Lingua:slovacco
Pubblicazione: Bratislava : Iura Edition, 2013
Serie:Ekonómia 450.
Soggetti:
Tags: Aggiungi Tag
Nessun Tag, puoi essere il primo ad aggiungerne!!

MARC

LEADER 00000nam a22000003a 4500
001 stu272756
005 20150617230233.7
008 130807s2013----xo------------------slo-d
020 |a 978-80-8078-511-6 
040 |a STU  |b slo 
041 0 |a slo 
044 |a xo 
080 |a 65 
100 1 |a Seková, Mária  |4 aut 
245 1 |a Manažment II :  |b ľudia v organizácii a organizačná kultúra 
260 |a Bratislava :  |b Iura Edition,  |c 2013 
300 |a 170 s 
650 7 |a manažment  |2 stusub 
700 1 |a a kol.  |4 aut 
830 0 |a Ekonómia  |v 450. 
996 |b 284M085320  |c M*13529/2-1  |l MMKN  |s A  |a 24  |w stu272756_0001 
996 |b 284M085321  |c M*13529/2-2  |l MMST  |s A  |a 24  |w stu272756_0002 
996 |b 284M085322  |c M*13529/2-3  |l MMST  |s A  |a 24  |w stu272756_0003